[Event "HCL-T264"]
[Site "www.playchess.de"]
[Date "2006.03.16"]
[Round "13"]
[White "Wilmy"]
[Black "Mosselman"]
[WhiteElo "1248"]
[BlackElo "1376"]
[PlyCount "31"]
[Result "1-0"]

1.e4 e5 2.Nf3 Nc6 3.Bb5 a6 4.Ba4 Nf6 5.d3 Be7 
6.Be3 O-O 7.Bxc6 bxc6 8.Nxe5 Bb7 9.Nc3 Bb4 10.a3 
Ba5 11.Qd2 d6 12.Nc4 Bxc3 13.Qxc3 d5 14.Na5 Bc8 
15.Nxc6 Qd6 16.e5 1-0

[Event "ACL-A662"]
[Site "www.playchess.de"]
[Date "2006.03.16"]
[Round "10"]
[White "chn"]
[Black "KDHB"]
[WhiteElo "1500"]
[BlackElo "1500"]
[PlyCount "82"]
[Result "0-1"]

1.e4 e5 {Hallo, good luck. good Patie}  2.Nf3 Nf6 
3.Bc4 d5 4.exd5 Nxd5 5.Nxe5 Bb4 6.Qf3 Be6 7.a3 Bc5 
8.Nc3 Nc6 9.Nxc6 bxc6 10.O-O O-O 11.Ne4 Bb6 {good 
nigth. Sorry}  12.d3 Bd4 13.c3 Bb6 14.d4 f5 15.Ng5 
Qf6 16.Re1 Rae8 17.Ne4 Qg6 18.b4 fxe4 19.Qd1 Qf5 
20.Bd2 Qxf2+ 21.Kh1 Nf4 22.Bxe6+ Rxe6 23.Bxf4 Qxf4 
24.Qb3 Rfe8 25.a4 a5 26.Ref1 Qe3 27.bxa5 Bxd4 
28.Rab1 Ba7 29.Qc4 Qd3 30.Qb3 c5 31.Qb7 Rg6 
32.Qxc7 Qd5 33.Qxa7 e3 34.Rb2 h6 35.Re2 Rd8 36.Qe7 
Rf6 37.Ree1 Rxf1+ 38.Rxf1 Qd1 39.Qe6+ Kh8 40.Rg1 
Qxg1+ 41.Kxg1 Rd1+ 0-1

[Event "HCL-A2620"]
[Site "www.playchess.de"]
[Date "2006.03.16"]
[Round "5"]
[White "Akkarin"]
[Black "Alberto"]
[WhiteElo "1375"]
[BlackElo "1604"]
[PlyCount "52"]
[Result "0-1"]

1.d3 {Hello from Imardin, Kyralia}  g6 {Ciao from 
Milan, Italy. Alberto}  2.e4 Bg7 3.c3 c5 4.Nf3 Nc6 
5.Nbd2 d6 6.Qc2 Bg4 7.Be2 Nf6 8.O-O O-O 9.h3 Bd7 
10.Rd1 Qc7 11.Nc4 b5 12.Ne3 a6 13.Nf1 b4 14.a3 a5 
15.axb4 axb4 16.Bd2 bxc3 17.bxc3 e6 18.Ng3 Rxa1 
19.Rxa1 Rb8 20.Rb1 d5 21.exd5 exd5 22.c4 dxc4 
23.dxc4 Nb4 24.Bxb4 cxb4 25.Ne4 Nxe4 26.Qxe4 
Bf5 0-1

[Event "HCL-B3831"]
[Site "www.playchess.de"]
[Date "2006.03.16"]
[Round "13"]
[White "schachsky"]
[Black "je_suis_tahmid"]
[WhiteElo "1192"]
[BlackElo "1180"]
[PlyCount "101"]
[Result "1/2-1/2"]

1.e4 {have a nice game!}  c5 2.Nf3 d6 3.Bc4 Nc6 
4.Nc3 Nf6 5.O-O g6 6.d3 Bg7 7.Bf4 O-O 8.a3 a6 
9.Nd5 Nxd5 10.Bxd5 Bxb2 11.Bh6 Re8 12.Ng5 e6 
13.Bxc6 bxc6 14.Ra2 Bg7 15.Bxg7 Kxg7 16.f4 e5 
17.Qd2 exf4 18.Qxf4 Rf8 19.e5 dxe5 20.Qxe5+ f6 
21.Qc3 Qd5 22.Nxh7 {oops!}  Kxh7 23.Raa1 Bf5 
24.Qe1 Rae8 25.Qh4+ Kg7 26.Rab1 Re2 27.Rf2 Rh8 
28.Qg3 Ree8 29.Rb7+ Kf8 30.Rxf5 {you've won, 
unless ... -:)}  Qxf5 31.Rb1 Kf7 32.Rb7+ Re7 
33.Rxe7+ Kxe7 34.Qc7+ Qd7 35.Qa5 Qd4+ 36.Kf1 Rxh2 
37.Qc7+ {coming back in town .....}  Ke6 38.Qxh2 
Qa1+ 39.Ke2 Qxa3 40.Qh3+ f5 41.Qh8 Qa4 42.Qe8+ 
{(offering draw)}  Kf6 43.Qd8+ Kg7 44.Qe7+ Kh6 
45.Qe3+ Kh5 46.Kf2 Qxc2+ 47.Kg1 a5 48.Qf3+ Kg5 
49.Qg3+ {(offering draw)}  Kf6 50.Qd6+ Kg7 
51.Qe7+ 1/2-1/2

[Event "HCL-A2622"]
[Site "www.playchess.de"]
[Date "2006.03.16"]
[Round "11"]
[White "schlueter"]
[Black "Wernswig"]
[WhiteElo "1597"]
[BlackElo "1411"]
[PlyCount "49"]
[Result "1-0"]

1.d4 d5 {hallo, viel spaß}  2.Nf3 {Wünsche ich 
auch...und viel Erfolg.}  Nf6 3.e3 Nc6 4.Bb5 Bd7 
5.O-O e6 6.Nbd2 Bd6 7.c3 O-O 8.Qe2 Ne7 9.Bxd7 Qxd7 
10.Ne5 Bxe5 11.dxe5 Ne8 12.f4 Ng6 13.Nf3 f6 
14.exf6 Nxf6 15.b3 Ne4 16.Bb2 Rad8 17.Rad1 Qc6 
18.Qd3 Qb6 19.g3 Rf7 20.c4 c6 21.cxd5 Rxd5 22.Qxe4 
Rfd7 23.Qxe6+ Kh8 24.Qe8+ Nf8 25.Qxf8+ 1-0

[Event "HCL-A2555"]
[Site "www.playchess.de"]
[Date "2006.03.17"]
[Round "9"]
[White "Maillard"]
[Black "xikim"]
[WhiteElo "1522"]
[BlackElo "1564"]
[PlyCount "108"]
[Result "0-1"]

1.d4 {Bonne partie! And a happy new year!}  d5 
{Thank you. I hope for a enjoyable game. Good 
lucky and greetings from Rio - Brazil.}  2.Nc3 
{Good luck from Berlin, Germany!}  Nf6 3.Nf3 e6 
4.a3 c5 5.Bg5 Be7 6.e3 O-O 7.dxc5 Bxc5 8.Na4 Bd6 
9.Qd4 Nc6 10.Qc3 h6 11.Bxf6 Qxf6 12.Qxf6 gxf6 
13.O-O-O Ne5 14.Nxe5 Bxe5 15.f4 Bc7 16.g4 Bd7 
17.Nc3 Bb6 18.Re1 Bc6 19.Bb5 Rac8 20.Bxc6 Rxc6 
21.Re2 Rfc8 22.Rd1 Ba5 23.Nb1 b5 24.c3 Bb6 25.Kd2 
e5 26.Ke1 Rd6 27.f5 Rc4 28.h3 a5 29.e4 d4 30.Rd3 
b4 31.Nd2 Rcc6 32.cxb4 axb4 33.axb4 Rc1+ 34.Kf2 
Rc2 35.b3 Rc3 36.Nc4 Rxd3 37.Nxd6 Rxb3 38.Nc4 
{merci pour la partie!}  d3+ 39.Nxb6 dxe2 40.Nd5 
Rxh3 41.Nxf6+ Kg7 42.Nh5+ Kf8 43.Nf6 Re3 44.Ke1 
Kg7 45.Nd5 Rxe4 46.b5 Rd4 47.Nc7 Rxg4 48.Kxe2 h5 
49.Nd5 Rd4 50.Nc7 Rb4 51.f6+ Kg6 52.Kf3 h4 53.Kg2 
Rb2+ 54.Kh3 Kg5 0-1

[Event "HCL-E1533"]
[Site "www.playchess.de"]
[Date "2006.03.17"]
[Round "22"]
[White "HOTSUN"]
[Black "scylla"]
[WhiteElo "1626"]
[BlackElo "1461"]
[PlyCount "92"]
[Result "1/2-1/2"]

1.e4 {hi gl}  c5 2.Nf3 d6 3.d4 cxd4 4.Nxd4 Nf6 
5.Nc3 a6 6.Bd3 e6 7.O-O Be7 8.Re1 Nbd7 9.f4 Qc7 
10.Nf3 O-O 11.Kh1 b5 12.a3 Bb7 13.Qd2 Rac8 14.Ng5 
h6 15.Nf3 Ng4 16.h3 Ngf6 17.g4 d5 18.exd5 Nxd5 
19.Nxd5 Bxd5 20.Kg2 Nc5 21.b4 Nxd3 22.cxd3 Qc2 
23.Kg3 Bf6 24.Ne5 Bxe5 25.fxe5 Rc3 26.Qxc2 Rxc2 
27.Be3 Rg2+ 28.Kh4 g5+ 29.Bxg5 hxg5+ 30.Kxg5 Kg7 
31.Reg1 Rh8 32.h4 Rh2 33.h5 Rg2 34.Rxg2 Bxg2 
35.Rg1 Bf3 36.d4 Rd8 37.Rf1 Be4 38.h6+ Kg8 39.Rd1 
Rc8 40.Kf4 Bg6 41.d5 exd5 42.Rxd5 Rc6 43.Rd6 Rxd6 
44.exd6 Kf8 45.Ke5 Ke8 46.Kd5 f5 {(offering draw)} 
 1/2-1/2

[Event "HCL-B3885"]
[Site "www.playchess.de"]
[Date "2006.03.17"]
[Round "1"]
[White "GMO"]
[Black "schachsky"]
[WhiteElo "1342"]
[BlackElo "1193"]
[PlyCount "66"]
[Result "0-1"]

1.e4 e5 {Hello again, have a(nother)nice game!}  
2.Bc4 {Não entendi nada!}  Nf6 {E eu comprehendo 
so um poco portuguesa (ou brasileiro): bom dia e 
bom jogo !}  3.d3 {Muito bom meu amigo. Aqui agora 
é noite. Boa noite e bom jogo para voce também!}  
d5 {Muito obrigado -:)}  4.exd5 Bd6 5.a3 O-O 6.Ba2 
c6 7.dxc6 Nxc6 8.Nf3 Bg4 9.h3 Bxf3 10.Qxf3 Qc7 
11.Be3 Rac8 12.Nc3 Rfe8 13.Nd5 Nxd5 14.Bxd5 Nd4 
15.Bxd4 exd4+ 16.Kf1 Re5 17.Bb3 Rce8 18.g3 R8e7 
19.Kg2 R5e2 20.Rac1 R7e3 21.Qxf7+ Qxf7 22.Bxf7+ 
{Very good my friend!}  Kxf7 {Espero .... -:)}  
23.Kf1 {Você nunca foi holandês, não é? Nem sabe 
onde fica a Holanda!}  R3e6 {Não comprehendo 
completemente, mas sim sou holandês e a Holanda 
fica ao oeste da Alemanha e ao Norte da França (e 
da Belgica).}  24.f4 {Isto não quer dizer que vc. 
não esteja mentindo.}  g5 {?? sôbre que estava  
mentindo? Nõ comprehendo; falou so um pouco 
português (brasileiro). Até proxima!}  25.f5 {Sem 
vergonha, cachorro...}  R6e7 26.g4 Bf4 27.Rb1 Rxc2 
28.b4 Ree2 29.h4 Ref2+ 30.Ke1 Bg3 31.hxg5 Rfh2+ 
32.Kd1 Rcd2+ 33.Kc1 Rxh1+ 0-1

[Event "HCL-C4098"]
[Site "www.playchess.de"]
[Date "2006.03.17"]
[Round "20"]
[White "Thrustnicely"]
[Black "winnetou"]
[WhiteElo "970"]
[BlackElo "860"]
[PlyCount "57"]
[Result "1-0"]

1.e4 e5 {Greetings!}  2.Nf3 {Hi - i've been lucky 
so far}  d6 {you said correctly... "so far"... 
:-)}  3.Bc4 {"But i was Born Lucky "}  Qf6 4.d3 h6 
5.h4 Bg4 6.Bg5 hxg5 7.Kd2 gxh4 8.Qg1 Qf4+ {what 
are you doing??}  9.Ke1 {i'm in trouble - and 
fully defensive :-(}  Nc6 {So you saw something I 
didn't... Why did you move 7.Kd2 ?}  10.Nbd2 {i 
was worried that your pawn would advance but could 
not put my king in front of my queen for fear that 
your bishop would have checked me - and then she 
would die screeming !!}  Nd4 {I didn't see it... 
but you're right!}  11.Rc1 {Now all I have to do 
is defeat your dark hoard}  Nxf3+ {I hope you 
fail!}  12.gxf3 Bxf3 13.Rh2 {let's see :-)}  g6 
14.d4 Bh6 15.Kf1 exd4 16.Rh3 Qxd2 17.Rxf3 Qxc1+ 
18.Kg2 Qxc2 19.Bxf7+ Ke7 20.Bxg6 Nf6 21.Kh3 Bg7 
22.e5 Qc6 23.Be4 Qd7+ 24.Bf5 Qe8 25.Qxg7+ Qf7 
26.exf6+ Ke8 27.Qxh8+ Qf8 28.Qh5+ Kd8 
29.Qxh4 1-0

[Event "HCL-A2620"]
[Site "www.playchess.de"]
[Date "2006.03.17"]
[Round "10"]
[White "Akkarin"]
[Black "GMO"]
[WhiteElo "1375"]
[BlackElo "1257"]
[PlyCount "89"]
[Result "1-0"]

1.d3 {Hello from Imardin, Kyralia}  e5 {Hello from 
Juiz de Fora, Minas Gerais, Brazil!}  2.Nd2 d5 
3.Ngf3 f6 4.e4 d4 5.c3 dxc3 6.bxc3 Nc6 7.Qc2 Bc5 
8.Be2 Bd7 9.O-O Qe7 10.Nb3 Bb6 11.a4 a6 12.Ba3 Qf7 
13.Bc5 Bxc5 14.Nxc5 O-O-O 15.Rab1 Na5 16.Nxd7 Qxd7 
17.Rb2 Ne7 18.Rfb1 Qc6 19.Nd2 Kd7 20.Bg4+ Ke8 
21.Nb3 Nxb3 22.Qxb3 b6 23.Be2 h5 24.Rd1 Ng6 
25.Rbd2 Nf4 26.Bf1 Ne6 27.d4 Qxe4 28.Qxe6+ Kf8 
29.Bc4 Qg6 30.Bd3 Qf7 31.Qxf7+ Kxf7 32.Bc4+ Ke7 
33.dxe5 Rxd2 34.Rxd2 fxe5 35.Bxa6 Rd8 36.Rxd8 Kxd8 
37.Kf1 Kd7 38.Ke2 Kd6 39.Kd3 c6 40.Bc8 Kc5 41.Be6 
h4 42.Ke4 Kd6 43.Kf5 c5 44.Bc4 e4 
45.Kxe4 1-0

[Event "HCL-B3885"]
[Site "www.playchess.de"]
[Date "2006.03.17"]
[Round "31"]
[White "seisan"]
[Black "newplayer"]
[WhiteElo "1441"]
[BlackElo "1043"]
[PlyCount "39"]
[Result "1-0"]

1.e4 {hi}  d5 {hi i wish you a good game}  2.exd5 
Qxd5 3.Nc3 Qd8 4.d4 e6 5.Nf3 Bb4 6.Bf4 Nf6 7.Bc4 
a5 8.O-O Bxc3 9.bxc3 Ne4 10.Qd3 Nd6 11.Bxd6 Qxd6 
12.a4 O-O 13.Rfe1 Nc6 14.Ne5 Nxe5 15.Rxe5 b6 
16.Rae1 Bb7 17.Qh3 Qc6 18.Bb5 Qd6 19.Bd3 Qa3 
20.Qxh7+ 1-0

[Event "HCL-B3879"]
[Site "www.playchess.de"]
[Date "2006.03.17"]
[Round "10"]
[White "ulibear"]
[Black "RUDI"]
[WhiteElo "1232"]
[BlackElo "1234"]
[PlyCount "59"]
[Result "1/2-1/2"]

1.Nf3 {hallo und auf ein Neues, alter 
Stratege!
:-)}  Nf6 {Hallo auch, ich freue mich.}  2.d4 d5 
3.Bf4 Nc6 4.h3 b6 5.e3 e6 6.Bb5 Bd7 7.O-O Be7 8.c4 
a6 9.Bxc6 Bxc6 10.cxd5 Bxd5 11.Nc3 O-O 12.Nxd5 
Nxd5 13.Bg3 c5 14.dxc5 Bxc5 15.Nd4 Bxd4 16.Qxd4 
Kh8 17.Rfd1 Qe8 18.Bd6 Rg8 19.e4 Nf6 20.e5 Nd5 
21.Rac1 b5 22.f4 Rc8 23.Rc5 Qd7 24.Rdc1 Rxc5 
25.Bxc5 Rc8 26.b4 Qb7 27.Kf2 g6 28.g3 Rc6 29.Ke2 
Qd7 30.Rd1 1/2-1/2

[Event "HCL-E1556"]
[Site "www.playchess.de"]
[Date "2006.03.17"]
[Round "2"]
[White "hal1958"]
[Black "Inge_Heumann"]
[WhiteElo "1427"]
[BlackElo "1682"]
[PlyCount "110"]
[Result "0-1"]

1.b4 {have a nice game}  e5 2.Bb2 d6 {Thank you! 
Let's have a look!}  3.e3 Nf6 4.Nf3 Bg4 5.Be2 Nc6 
6.b5 Na5 7.a4 Be7 8.O-O O-O 9.d3 a6 10.Nbd2 axb5 
11.axb5 c6 12.bxc6 bxc6 13.h3 Bh5 14.c4 Qc7 15.Bc3 
Nb7 16.Nb3 Nd7 17.g4 Bg6 18.Nfd2 Nbc5 19.Qc2 d5 
20.Nxc5 Nxc5 21.cxd5 cxd5 22.Bb4 Qb6 23.Bxc5 Bxc5 
24.Qb3 Rxa1 25.Rxa1 Bxe3 26.Qxb6 Bxb6 27.Rb1 Rb8 
28.Kf1 Bc7 29.Rxb8+ Bxb8 30.h4 f6 31.h5 Be8 32.Nb3 
Ba7 33.f3 Bb5 34.Ke1 g6 35.hxg6 hxg6 36.Kd2 Kf7 
37.Kc3 e4 38.fxe4 dxe4 39.Kd2 e3+ 40.Ke1 f5 
41.gxf5 gxf5 42.d4 Ba4 43.Nc5 Bxc5 44.dxc5 Bc6 
45.Bc4+ Kf6 46.Ke2 f4 47.Bd3 Ke6 48.Bc4+ Ke5 
49.Bf7 Kd4 50.Bh5 Be4 51.Be8 Kxc5 52.Bh5 Kd4 
53.Bg4 f3+ 54.Ke1 f2+ 55.Kf1 Bd3+ 0-1

[Event "HCL-M872"]
[Site "www.playchess.de"]
[Date "2006.03.17"]
[Round "20"]
[White "Palamede"]
[Black "Pitch"]
[WhiteElo "2201"]
[BlackElo "2037"]
[PlyCount "108"]
[Result "0-1"]

1.e4 {Hi and good luck!}  c6 {Same to you}  2.d4 
d5 3.e5 Bf5 4.Ne2 e6 5.Nf4 h6 6.Bd3 Bxd3 7.Qxd3 c5 
8.dxc5 Nc6 9.O-O Bxc5 10.Qg3 Nge7 11.Qxg7 Rg8 
12.Qxh6 Nxe5 13.Qh5 N7g6 14.Nxg6 Nxg6 15.Nc3 Nh4 
16.Kh1 Qf6 17.Nxd5 exd5 18.Qxd5 Bd6 19.Qxb7 Rb8 
20.Qc6+ Kf8 21.Rd1 Nf5 22.c4 Rg4 23.g3 Kg7 24.c5 
Rd4 25.Bg5 Qxg5 26.Rxd4 Nxd4 27.Qxd6 Rd8 28.f4 Qh5 
29.Qe5+ Qxe5 30.fxe5 Nc6 31.a3 Rd2 32.b4 Nxe5 
33.Rf1 Rc2 34.Kg1 a5 35.Rf2 Rc3 36.Ra2 axb4 
37.axb4 Nd3 38.Ra4 Rc4 39.Kg2 Nxc5 40.Ra5 Ne6 
41.Rb5 Rc2+ 42.Kh3 Kg6 43.g4 Nf4+ 44.Kg3 Ne2+ 
45.Kh3 Rb2 46.Kh4 Nd4 47.Rb6+ Ne6 48.h3 Rb3 49.b5 
Re3 50.g5 Rb3 51.Kg4 Rb4+ 52.Kg3 Kxg5 53.Rb8 Rb3+ 
54.Kg2 Nd4 0-1

[Event "HCL-A2637"]
[Site "www.playchess.de"]
[Date "2006.03.17"]
[Round "18"]
[White "shadow_cup"]
[Black "scotty4u"]
[WhiteElo "1413"]
[BlackElo "1360"]
[PlyCount "29"]
[Result "0-1"]

1.e3 {Hello - Have a nice game ^_^}  e5 2.Nf3 Nc6 
3.Bb5 Nge7 4.d4 a6 5.Bxc6 Nxc6 6.d5 e4 7.dxc6 exf3 
8.cxd7+ Qxd7 9.Qxf3 Bd6 10.O-O O-O 11.Rd1 Qa4 
12.b3 Qh4 13.g3 Qh3 14.Bb2 Bg4 
15.Qxb7 0-1

[Event "ACL-A655"]
[Site "www.playchess.de"]
[Date "2006.03.17"]
[Round "14"]
[White "Eishockeytorwart"]
[Black "M_L"]
[WhiteElo "1500"]
[BlackElo "1799"]
[PlyCount "74"]
[Result "0-1"]

1.e4 {welcome from germany}  e5 {Good game from 
Finland!}  2.Nf3 Nc6 3.Bb5 a6 4.Bxc6 dxc6 5.O-O 
Bd6 6.d4 exd4 7.Qxd4 f6 8.Be3 Be6 9.Nbd2 Ne7 
10.Rfd1 Ng6 11.Nc4 Bxc4 12.Qxc4 Qe7 13.Qb3 O-O-O 
14.Rd4 Rhe8 15.a4 Qe6 16.Qxe6+ Rxe6 17.a5 Rde8 
18.Raa4 Nf8 19.h3 c5 20.Rd5 R6xe4 21.Rxe4 Rxe4 
22.Bxc5 Bxc5 23.Rxc5 Ra4 24.b3 Ra1+ 25.Kh2 Ne6 
26.Rd5 Ra2 27.Ne1 c6 28.Rd6 Nd8 29.Kg3 Rxa5 30.Nd3 
Kc7 31.Rd4 Ne6 32.Re4 Kd6 33.Nb2 b5 34.Re2 Ra2 
35.Rd2+ Kc7 36.Nd3 a5 37.Kg4 Nd4 0-1

[Event "HCL-A2639"]
[Site "www.playchess.de"]
[Date "2006.03.17"]
[Round "4"]
[White "TyrTRR"]
[Black "IRONMAIDEN"]
[WhiteElo "1820"]
[BlackElo "1227"]
[PlyCount "35"]
[Result "1-0"]

1.e4 {Hello, nice to meet you.  Good luck in our 
game.}  e5 {hello and a good game!}  2.Nf3 Nc6 
3.Bb5 Bd6 4.O-O Nf6 5.Re1 O-O 6.d4 exd4 7.e5 Nxe5 
8.Nxe5 Bxe5 9.Rxe5 c6 10.Bf1 d6 11.Re1 c5 12.c3 
dxc3 13.Nxc3 Be6 14.Bg5 a6 15.Ne4 Qc7 16.Bxf6 gxf6 
17.Nxf6+ Kh8 18.Qh5 1-0

[Event "HCL-A2655"]
[Site "www.playchess.de"]
[Date "2006.03.17"]
[Round "6"]
[White "PhilipKaveny"]
[Black "nico21"]
[WhiteElo "1334"]
[BlackElo "1532"]
[PlyCount "65"]
[Result "1-0"]

1.e4 e5 2.Bc4 Nf6 3.Nf3 Nc6 4.Ng5 d5 5.exd5 Na5 
6.Bf1 Nxd5 7.d3 Bb4+ 8.c3 Bd6 9.Be2 Nf6 10.O-O h6 
11.Ne4 Nxe4 12.Qa4+ Nc6 13.Qxe4 Be6 14.f4 Qe7 
15.f5 Bd7 16.b4 a6 17.Nd2 O-O-O 18.a4 Kb8 19.Nc4 
Na7 20.Ba3 Bc6 21.Qg4 Rde8 22.b5 h5 23.Bxd6 cxd6 
24.Qg3 axb5 25.Na5 bxa4 26.Nxc6+ Nxc6 27.Rxa4 Reg8 
28.Bf3 Qd7 29.Rfa1 Kc7 30.Bxc6 Qxc6 31.Rc4 Qxc4 
32.dxc4 g6 33.Qg5 1-0

[Event "HCL-M869"]
[Site "www.playchess.de"]
[Date "2006.03.17"]
[Round "2"]
[White "richard"]
[Black "jonaslo"]
[WhiteElo "1794"]
[BlackElo "1751"]
[PlyCount "51"]
[Result "1-0"]

1.e4 c5 {Hello from Stockholm, Sweden. Good luck 
in the game.}  2.Nf3 {Martha's Vineyard, 
Massachusetts}  d6 3.Bb5+ Bd7 4.Bxd7+ Qxd7 5.O-O 
Nc6 6.d4 cxd4 7.Nxd4 Nf6 8.Nc3 g6 9.Re1 Bg7 10.Nf3 
O-O 11.Nd5 Nxd5 12.exd5 Ne5 13.c3 b5 14.Be3 {I 
spent a long time on this move. Nothing was really 
good.}  Nc4 15.Rb1 Nxb2 16.Rxb2 {interisting}  
Bxc3 {it should be a small material gain...}  
17.Rbe2 Bxe1 18.Rxe1 a5 19.Nd4 b4 20.Nc6 Rfe8 
21.Bd4 e6 22.Bf6 h6 23.Re3 Kh7 24.Qg4 Qc7 25.Qg5 
exd5 26.Qxh6+ 1-0

[Event "ACL-M080"]
[Site "www.playchess.de"]
[Date "2006.03.17"]
[Round "15"]
[White "jrpechie"]
[Black "Nosferatu"]
[WhiteElo "1882"]
[BlackElo "2154"]
[PlyCount "101"]
[Result "1-0"]

1.d4 {Hello and good luck}  Nf6 {Rehi from germany 
and a good game :-)}  2.c4 g6 3.Nc3 Bg7 4.e4 d6 
5.Nf3 O-O 6.Be2 e5 7.O-O Nc6 8.d5 Ne7 9.b4 Nd7 
10.Bd2 f5 11.Ng5 Nf6 12.f3 c6 13.b5 h6 14.Ne6 Bxe6 
15.dxe6 Qc8 16.bxc6 bxc6 17.Qa4 Qxe6 18.Rab1 Nh5 
19.c5 d5 20.exd5 cxd5 21.Rb7 e4 22.Qb3 Nf6 23.Rd1 
exf3 24.Bxf3 Ne4 25.Re1 Bd4+ 26.Kh1 Bxc5 27.g4 
Rad8 28.Bxe4 fxe4 29.Nxe4 Rf1+ 30.Rxf1 Qxe4+ 
31.Rf3 Qxg4 32.Rg3 Qe4+ 33.Qf3 Qxf3+ 34.Rxf3 Nf5 
35.Ba5 Re8 36.Rc3 Nd6 37.Rc7 Re1+ 38.Kg2 Bd4 
39.Rb3 Re2+ 40.Kh1 Nf7 41.Rb8+ Kg7 42.Rbb7 Rf2 
43.Be1 Rf5 44.Kg2 Bb6 45.Rc6 h5 46.a4 Rg5+ 47.Kf3 
Rf5+ 48.Ke2 Re5+ 49.Kd1 d4 50.Rd6 Rf5 
51.Rdd7 1-0

[Event "HCL-A2543"]
[Site "www.playchess.de"]
[Date "2006.03.17"]
[Round "2"]
[White "spongebobby"]
[Black "alvimrf"]
[WhiteElo "1273"]
[BlackElo "1784"]
[PlyCount "60"]
[Result "0-1"]

1.e4 {hello from wuerzburg, germany. have a nice 
game!}  c5 {Hi}  2.Nf3 Nc6 3.Bc4 a6 4.d3 b5 5.Bd5 
e6 6.Bxc6 dxc6 7.Bg5 Be7 8.Bxe7 Nxe7 9.Nbd2 O-O 
10.O-O Ng6 11.g3 e5 12.h4 Bg4 13.b3 f5 14.exf5 
Rxf5 15.Qe2 Qf6 16.Kg2 Rf8 17.Ne4 Qe7 18.Ned2 Qe6 
19.Qe4 Bxf3+ 20.Nxf3 R5xf3 21.Qxf3 Rxf3 22.Kxf3 
Ne7 23.Kg2 Nf5 24.c3 Qd5+ 25.Kg1 Qxd3 26.Rfd1 Qxc3 
27.Rac1 Qf3 28.Rd7 Nxg3 29.fxg3 Qxg3+ 30.Kf1 
Qh3+ 0-1

[Event "HCL-B3854"]
[Site "www.playchess.de"]
[Date "2006.03.17"]
[Round "10"]
[White "cocohubert"]
[Black "arsenic"]
[WhiteElo "1326"]
[BlackElo "1051"]
[PlyCount "65"]
[Result "1-0"]

1.e4 e6 2.d4 d5 3.exd5 exd5 4.Nc3 c6 5.g3 Nf6 
6.Bg2 Be7 7.Nf3 O-O 8.O-O Bg4 9.Qd3 Nbd7 10.Re1 
Re8 11.Bd2 b5 12.a3 a5 13.Nd1 b4 14.axb4 axb4 
15.Rxa8 Qxa8 16.b3 Ne4 17.Nb2 Nxd2 18.Qxd2 c5 
19.Ne5 Nxe5 20.Rxe5 Qa1+ 21.Bf1 Bh3 22.Re1 
{nooooooooo......}  Qxb2 23.Bxh3 Kf8 24.Qe2 Qxd4 
25.Bd7 {the end}  Qf6 26.Bxe8 Kxe8 27.Qb5+ Kf8 
28.Qb8+ Bd8 29.Re5 g6 30.Rxd5 Ke8 31.Qb5+ {good 
defense , but......}  Ke7 32.Qd7+ Kf8 
33.Qxd8+ 1-0

[Event "HCL-B3890"]
[Site "www.playchess.de"]
[Date "2006.03.17"]
[Round "6"]
[White "chessH"]
[Black "MasterStefan"]
[WhiteElo "1282"]
[BlackElo "1229"]
[PlyCount "57"]
[Result "1-0"]

1.d4 d5 2.Bg5 Nc6 3.e3 h6 4.Bh4 g5 5.Bg3 Nf6 6.Nf3 
e6 7.Bd3 Bb4+ 8.c3 Bd6 9.Nbd2 O-O 10.O-O Bxg3 
11.hxg3 a6 12.Nh2 Re8 13.Ng4 Nxg4 14.Qxg4 f6 
15.Qh5 Qe7 16.Qxh6 Qg7 17.Qg6 Qxg6 18.Bxg6 Re7 
19.f4 Rg7 20.Bh5 Bd7 21.Nb3 Be8 22.Bf3 Rd8 23.e4 
dxe4 24.Bxe4 f5 25.Bd3 g4 26.Rae1 Rg6 27.Nc5 Na5 
28.Nxe6 Rd7 29.Bxf5 1-0

[Event "HCL-B3890"]
[Site "www.playchess.de"]
[Date "2006.03.17"]
[Round "10"]
[White "MasterStefan"]
[Black "odin"]
[WhiteElo "1229"]
[BlackElo "1218"]
[PlyCount "44"]
[Result "0-1"]

1.e4 e5 2.Nf3 Nc6 3.Bb5 d6 4.Bxc6+ bxc6 5.d3 Nf6 
6.O-O Bg4 7.h3 Bh5 8.g4 Bg6 9.Nc3 Be7 10.Re1 O-O 
11.a3 Qd7 12.Qe2 h6 13.Bd2 Rfe8 14.Rab1 Nh7 15.d4 
exd4 16.Nxd4 Bf6 17.Nf3 Ng5 18.Kg2 Nxf3 19.Qxf3 
Rad8 20.Rbd1 Be5 21.Be3 Bxc3 22.bxc3 
Bxe4 0-1

[Event "HCL-B3916"]
[Site "www.playchess.de"]
[Date "2006.03.17"]
[Round "3"]
[White "Mosselman"]
[Black "dg"]
[WhiteElo "1376"]
[BlackElo "1214"]
[PlyCount "93"]
[Result "1-0"]

1.e4 {hi, enjoy the game...}  e5 {u2}  2.Nf3 d6 
3.d4 Bg4 4.Be2 Bxf3 5.Bxf3 exd4 6.Qxd4 Nc6 7.Qa4 
a6 8.e5 Qe7 9.Bxc6+ Kd8 {i dident think there :(}  
10.Bxb7 Qxe5+ 11.Qe4 Rb8 12.Qxe5 dxe5 13.Bf3 Nf6 
14.O-O e4 15.Be2 Bd6 16.b3 Be5 17.c3 Ke7 18.Be3 
Nd5 19.Bd4 Bxd4 20.cxd4 Rhe8 21.Bc4 Nb4 22.Nc3 Kf8 
23.Nd5 Nxd5 24.Bxd5 a5 25.Rfe1 Rbd8 26.Bxe4 Rxd4 
27.Bf3 Red8 28.Rad1 R4xd1 29.Rxd1 Re8 30.Kf1 g5 
31.Rd7 Re7 32.Rxe7 Kxe7 33.Ke2 Ke6 34.Ke3 Ke5 
35.Bc6 f5 36.g3 h5 37.f4+ gxf4+ 38.gxf4+ Kd6 
39.Bb5 c6 40.Bc4 h4 41.h3 Kc5 42.Be6 Kd6 43.Bxf5 
c5 44.Kd3 Kd5 45.Be4+ Ke6 46.Kc4 Kd6 
47.Kb5 1-0

[Event "HCL-E1594"]
[Site "www.playchess.de"]
[Date "2006.03.17"]
[Round "9"]
[White "wurmt"]
[Black "PLUTARCO"]
[WhiteElo "1520"]
[BlackElo "2105"]
[PlyCount "28"]
[Result "0-1"]

1.e4 {Nice to meet you. Good luck.}  c6 2.d4 d5 
{Same to you.}  3.e5 Bf5 4.Nc3 e6 5.Bd3 Ne7 6.g4 
Bxd3 7.Qxd3 h5 8.Qh3 c5 9.Nge2 cxd4 10.Nxd4 Qb6 
11.Nb3 Nbc6 12.f4 Nb4 13.Kd1 d4 14.Na4 
Qc6 0-1

[Event "HCL-B3848"]
[Site "www.playchess.de"]
[Date "2006.03.17"]
[Round "1"]
[White "Skipper_Robert"]
[Black "fire-serpent"]
[WhiteElo "1023"]
[BlackElo "1060"]
[PlyCount "130"]
[Result "0-1"]

1.e4 e6 2.e5 d5 3.d4 c5 4.Nf3 cxd4 5.Qxd4 Nc6 
6.Qd2 Nge7 7.Bd3 Ng6 8.Qe2 Be7 9.c3 O-O 10.Be3 
Ncxe5 11.O-O Nxd3 12.Qxd3 Qc7 13.Nbd2 Rd8 14.b4 
Bf6 15.Rac1 Ne5 16.Nxe5 Bxe5 17.g3 Qe7 18.Bd4 Bxd4 
19.Qxd4 Bd7 20.Nf3 Bc6 21.Rce1 Qd6 22.Qd3 a6 
23.Ng5 h6 24.Nf3 Bb5 25.Qe3 Bxf1 26.Kxf1 Rac8 
27.Ne5 d4 28.Qf4 f6 29.Ng6 Qxf4 30.Nxf4 e5 31.Ng6 
Kh7 32.Ne7 Rxc3 33.h4 Re8 34.Nf5 g6 35.Nd6 Re7 
36.g4 d3 37.g5 d2 38.Rd1 Rc1 39.Ke2 Rxd1 40.Kxd1 
Rd7 41.Ne4 Rd4 42.Nxf6+ Kg7 43.Ne8+ Kh7 44.Nf6+ 
Kh8 45.f3 hxg5 46.hxg5 Rxb4 47.Kc2 Rb2+ 48.Kd1 
Rxa2 49.Ng4 b5 50.Nxe5 Kg7 51.Nd7 b4 52.Nc5 a5 
53.Nb3 a4 54.Nxd2 Rxd2+ 55.Kxd2 b3 56.Kc1 a3 
57.Kb1 a2+ 58.Kb2 Kf7 59.f4 Ke6 60.Ka1 Kf5 61.Kb2 
Kxf4 62.Ka1 Kxg5 63.Kb2 Kf4 64.Ka1 g5 65.Kb2 
g4 0-1

[Event "HCL-T266"]
[Site "www.playchess.de"]
[Date "2006.03.17"]
[Round "16"]
[White "Wilmy"]
[Black "stevetilbury"]
[WhiteElo "1248"]
[BlackElo "1610"]
[PlyCount "48"]
[Result "0-1"]

1.e4 e6 2.d4 d5 3.Nc3 Bb4 4.e5 c5 5.Nf3 Ne7 6.Bd2 
Nbc6 7.Bb5 cxd4 8.Nxd4 Bd7 9.Qg4 Nxd4 10.Bxd7+ 
Qxd7 11.Qxd4 Nc6 12.Qg4 O-O-O 13.f4 Nd4 14.O-O-O 
Kb8 15.Be3 Nf5 16.Bf2 Qc6 17.Rd3 Rdc8 18.Be1 d4 
19.Rf3 dxc3 20.Bxc3 Bxc3 21.Rxc3 Qb6 22.Rb3 Qa6 
23.Ra3 Qc4 24.Qf3 Qxc2+ 0-1

[Event "HCL-E1552"]
[Site "www.playchess.de"]
[Date "2006.03.17"]
[Round "7"]
[White "Zafonic"]
[Black "Rochemback"]
[WhiteElo "1536"]
[BlackElo "1499"]
[PlyCount "65"]
[Result "1-0"]

1.Nf3 Nf6 2.d4 e6 3.e3 d5 4.Nbd2 a6 5.Bd3 Nc6 6.c3 
Bd6 7.O-O O-O 8.Qe2 h6 9.e4 dxe4 10.Nxe4 Nxe4 
11.Qxe4 f5 12.Qe2 Qf6 13.h3 b5 14.b3 Bb7 15.Bb2 e5 
16.dxe5 Nxe5 17.Nxe5 Qxe5 18.Qxe5 Bxe5 19.f4 Bd6 
20.c4 Bc5+ 21.Kh2 b4 22.Rae1 g6 23.Re6 Kh7 24.Rd1 
Rae8 25.Rxe8 {(offering draw)}  Rxe8 26.Bb1 Re2 
27.Rd7+ Re7 28.Rd8 Rg7 29.Bxg7 Be4 30.Bxe4 fxe4 
31.Rd7 e3 32.Bd4+ Kg8 33.Bxc5 1-0